000 00267 a2200109 4500
005 20260121155238.0
020 _a8172248911
100 _aJaico
_9149791
245 _aDigital Systems Testing And Testable Design
260 _bJaico Publishing House
_c2014
942 _cAR
999 _c369930
_d369930